| 000 | 01236nam a22002777a 4500 | ||
|---|---|---|---|
| 005 | 20180420150328.0 | ||
| 010 | _a1617EN ENG-117133 | ||
| 020 |
_a9788131608142 _c795.00 |
||
| 035 | _aB-648053-8059 | ||
| 035 | _aB-691497-98 | ||
| 035 | _aEN-100665 | ||
| 035 | _aB-664868 | ||
| 037 |
_bMallika _adpl |
||
| 037 | _bDBAD/PUB | ||
| 082 | _a880.9 | ||
| 100 | _aRiemenscheider, Dieter | ||
| 245 |
_aEssays on Indian writing in english: _c by Dieter Riemenscheider _btwice-born or cosmopolitan literature? / |
||
| 260 |
_aNew Delhi _bRawat Publications _c2016 |
||
| 270 |
_a4858/24, Ansari Road, Daryaganj _bNew Delhi _e110002 |
||
| 300 |
_axv,199p. _c24cm(hb) |
||
| 700 | _a | ||
| 942 |
_2ddc _cEN _h880.9 _mRIE |
||
| 999 |
_c102293 _d102293 |
||